| 000 | 00987nam a22001937a 4500 | ||
|---|---|---|---|
| 999 |
_c63027 _d63027 |
||
| 003 | Ge_BSU | ||
| 005 | 20250513125106.0 | ||
| 008 | 250513s1977 ge ||||| |||| 00| 0 geo d | ||
| 041 | _ageo | ||
| 080 | _a349.24:396(47+57) ც-13 | ||
| 100 |
_aცაგურია, თამარ _925030 |
||
| 245 |
_aქალთა შრომის სამართლებრივი მოწესრიგება საბჭოთა კავშირში / _c თამარ ცაგურია ; ეკონომიკისა და სამართლის ინ-ტი. |
||
| 264 |
_aთბ. : _b მეცნიერება, _c1977. |
||
| 300 |
_a49 გვ. ; _b21 სმ. |
||
| 490 | _aმეცნიერულ-პოპულარული სერია | ||
| 653 | _aქალთა შრომა სსრ კავშირში | ||
| 653 | _aსამართლებრივი რეგულირება | ||
| 942 |
_2udc _cᲬᲘᲒᲜᲘ |
||